Tackling the respiratory hazards of asbestos and crystalline silica in the construction sector (Record no. 82842)

MARC details
000 -LEADER
fixed length control field 00829cab a22001935a 4500
001 - CONTROL NUMBER
control field L151699
008 - FIXED-LENGTH DATA ELEMENTS--GENERAL INFORMATION
fixed length control field 101202s2010 xxk f s 000 0 eng d
035 ## - SYSTEM CONTROL NUMBER
System control number (Sirsi) u151699
041 0# - LANGUAGE CODE
Language code of text/sound track or separate title eng
100 1# - MAIN ENTRY--PERSONAL NAME
Personal name Broadbent, Sarah
245 00 - TITLE STATEMENT
Title Tackling the respiratory hazards of asbestos and crystalline silica in the construction sector
260 ## - PUBLICATION, DISTRIBUTION, ETC.
Date of publication, distribution, etc. 2010
490 #0 - SERIES STATEMENT
Series statement Building Engineer
Volume/sequential designation 85(12) December 2010, 14-16(3)
520 ## - SUMMARY, ETC.
Summary, etc. Discusses the requirements of employers of The Control of Asbestos Regulations 2006 including protective equipment when working with asbestos and preventing exposure wherever reasonably practicable; managing exposure; selecting and fit testing respiratory protective equipment (RPE).
590 ## - LOCAL NOTE (RLIN)
Local note KA
651 #4 - SUBJECT ADDED ENTRY--GEOGRAPHIC NAME
Geographic name England and Wales
Chronological subdivision 1543-
690 ## - LOCAL SUBJECT ADDED ENTRY--TOPICAL TERM (OCLC, RLIN)
Topical term or geographic name as entry element Health and safety
9 (RLIN) 6244
942 ## - ADDED ENTRY ELEMENTS (KOHA)
Suppress in OPAC 0
Holdings
Withdrawn status Lost status Source of classification or shelving scheme Damaged status Not for loan Home library Current library Shelving location Date acquired Total Checkouts Full call number Barcode Date last seen Copy number Price effective from Koha item type
    Dewey Decimal Classification     London London Journal article 02/12/2010   L151699 151699-1001 06/08/2019 1 06/08/2019 Journal article